Una rilettura del Sentir messa per un primo confronto tra la linguistica settecentesca e ottocentesca Cesarotti, Manzoni e Monti /

In the panorama of 19th century Italian linguistics, Alessandro Manzoni, discussing aequo animo on numerous formulations, abolishes the absurd belief that a language can be evaluated far from Usage. He thus disproves the etymological and analogical theories on which previous dissertations were based...

Teljes leírás

Elmentve itt :
Bibliográfiai részletek
Szerző: Malaspina Emma
Dokumentumtípus: Könyv része
Megjelent: Szegedi Tudományegyetem BTK Szeged 2024
Sorozat:“Il diritto di vivere non si paga con un lavoro finito, ma con un’infinita attività” : studi in omaggio alla carriera accademica e alle ricerche scientifiche di József Pál
Kulcsszavak:Alessandro Manzoni, Melchiorre Cesarotti, Vincenzo Monti, Nyelvészet - összehasonlító - olasz - 18-19. sz., Olasz irodalom története - 18-19. sz.
Tárgyszavak:
Online Access:http://acta.bibl.u-szeged.hu/85161
LEADER 02058naa a2200229 i 4500
001 acta85161
005 20240916125335.0
008 240620s2024 hu o 000 eng d
020 |a 978-615-02-0734-6 
040 |a SZTE Egyetemi Kiadványok Repozitórium  |b hun 
041 |a eng 
041 |a ita 
100 1 |a Malaspina Emma 
245 1 0 |a Una rilettura del Sentir messa per un primo confronto tra la linguistica settecentesca e ottocentesca  |h [elektronikus dokumentum] :  |b Cesarotti, Manzoni e Monti /  |c  Malaspina Emma 
260 |a Szegedi Tudományegyetem BTK  |b Szeged  |c 2024 
300 |a 222-231 
490 0 |a “Il diritto di vivere non si paga con un lavoro finito, ma con un’infinita attività” : studi in omaggio alla carriera accademica e alle ricerche scientifiche di József Pál 
520 3 |a In the panorama of 19th century Italian linguistics, Alessandro Manzoni, discussing aequo animo on numerous formulations, abolishes the absurd belief that a language can be evaluated far from Usage. He thus disproves the etymological and analogical theories on which previous dissertations were based on, and shows the path of the linguistic formation of Italian. Consequently, this work will analyse, for example, Sentir messa, the writing in which Manzoni dismantles the paradoxes of Enlightenment linguistics, in the person of Melchiorre Cesarotti, and corrects the erroneous beliefs of one of his followers, Vincenzo Monti. The research will demonstrate the superiority of Manzoni's achievements in this field of knowledge, and will at the same time reveal his anticipatory position, as what he had intuited would only later be taken into considered and developed in the field of linguistics and the study of languages. 
650 4 |a Bölcsészettudományok 
650 4 |a Nyelvek és irodalom 
695 |a Alessandro Manzoni, Melchiorre Cesarotti, Vincenzo Monti, Nyelvészet - összehasonlító - olasz - 18-19. sz., Olasz irodalom története - 18-19. sz. 
856 4 0 |u http://acta.bibl.u-szeged.hu/85161/1/jozsef_pal_2024_222-231.pdf  |z Dokumentum-elérés